The performance framework: a systems approach to understanding performance management (Record no. 59088)

000 -LEADER
fixed length control field 01621pab a2200181 454500
008 - FIXED-LENGTH DATA ELEMENTS--GENERAL INFORMATION
fixed length control field 180718b2003 xxu||||| |||| 00| 0 eng d
100 ## - MAIN ENTRY--PERSONAL NAME
Personal name Saltmarshe, Douglass
245 ## - TITLE STATEMENT
Title The performance framework: a systems approach to understanding performance management
260 ## - PUBLICATION, DISTRIBUTION, ETC.
Date of publication, distribution, etc. 2003
300 ## - PHYSICAL DESCRIPTION
Extent p.445-56.
362 ## - DATES OF PUBLICATION AND/OR SEQUENTIAL DESIGNATION
Dates of publication and/or sequential designation Dec
520 ## - SUMMARY, ETC.
Summary, etc. The article presents a framework for better understanding the nature of performance in organisations involved in the provision of overseas development assistance (ODA). It uses a case study to illustrate the three main features of the framework which are: goals, performance assessment and performance management. It is asserted that a vibrant performance culture is one which links these features together to form an organisation capable of continual improvement through producing effective learning. Organisational culture determines the nature of linkages between the three sub-systems. The article stresses how the notion of performance may extend beyond various forms of evaluation and scrutiny to being part of a sentient learning system rooted in an organisation's culture and structure. The article concludes with consideration of key issues associated with the generation of reflexive learning organisation operating in the ODA sector. These are concerned with understanding the role and nature of systems, organisational vision, the embracing of diversity, training and accountability. - Reproduced.
650 ## - SUBJECT ADDED ENTRY--TOPICAL TERM
Topical term or geographic name entry element Performance appraisal
700 ## - ADDED ENTRY--PERSONAL NAME
Personal name McGregor, J. Allister
700 ## - ADDED ENTRY--PERSONAL NAME
Personal name Ireland, Mark
773 ## - HOST ITEM ENTRY
Main entry heading Public Administration and Development
909 ## -
-- 59088
Holdings
Withdrawn status Lost status Damaged status Not for loan Permanent Location Current Location Date acquired Serial Enumeration / chronology Barcode Date last seen Price effective from Koha item type
        Indian Institute of Public Administration Indian Institute of Public Administration 2018-07-19 Volume no: 23, Issue no: 5 AR59533 2018-07-19 2018-07-19 Articles

Powered by Koha